header

Social theory and human reality (Record no. 72955)

MARC details
000 -LEADER
fixed length control field 01166nam a2200301Ia 4500
100 1# - MAIN ENTRY--AUTHOR NAME
Personal name Alasuutari, Pertti.
245 10 - TITLE STATEMENT
Title Social theory and human reality
260 ## - PUBLICATION, DISTRIBUTION, ETC. (IMPRINT)
Place of publication London ;
-- Thousand Oaks, Calif. :
Name of publisher Sage Publications,
Year of publication 2004.
300 ## - PHYSICAL DESCRIPTION
Number of Pages vi, 181 p.
650 #0 - SUBJECT ADDED ENTRY--TOPICAL TERM
Topical Term Knowledge, Sociology of.
Topical Term Reality.
856 40 - ELECTRONIC LOCATION AND ACCESS
Uniform Resource Identifier http://site.ebrary.com/lib/rucke/Doc?id=10076720

No items available.

© 2026 Rongo University
Contact us: librarian | system librarian | Rongo university